banner-ar

الاغراض والتشخيص فى طب الاطفال / (Record no. 35929)

MARC details
000 -الفاتح
حقل البيانات ثابتة الطول 00676nam a2200241Ia 4500
008 - عناصر البيانات ثابتة الطول - معلومات عامة
حقل البيانات ثابتة الطول 140319s9999 xx 000 0 ara d
040 ## - مصدر الفهرسة
وكالة الفهرسة الأصلية GCL /
وكالة النسخ GCL
082 04 - رقم تصنيف ديوى العشرى
رقم التصنيف 616.75
رقم المادة ى أ
100 1# - المدخل الرئيسى - إسم شخصى
الإسم الشخصى ياسين عرابى
245 10 - بيان العنوان
العنوان الاغراض والتشخيص فى طب الاطفال /
بيان المسئوليه,etc ياسين عرابى
700 1# - المدخل الاضافى - اسم شخصى
الإسم الشخصى بسام البرشة
700 1# - المدخل الاضافى - اسم شخصى
الإسم الشخصى جهاد خطاب
260 ## - PUBLICATION, DISTRIBUTION, ETC. (IMPRINT)
تاريخ النشر أو التوزيع 1990
300 ## - الوصف المادى
التعداد 478 ص
490 ## - بيان السلسلة
عنوان السلسلة
650 04 - المدخل الاضافى بالموضوع-مصطلح موضوعى
مصطلح موضوعي الطب
650 04 - المدخل الاضافى بالموضوع-مصطلح موضوعى
مصطلح موضوعي الاطفال
650 04 - المدخل الاضافى بالموضوع-مصطلح موضوعى
مصطلح موضوعي الامراض
650 04 - المدخل الاضافى بالموضوع-مصطلح موضوعى
مصطلح موضوعي طب الاسنان
650 04 - المدخل الاضافى بالموضوع-مصطلح موضوعى
مصطلح موضوعي التشخيص
942 ## - عناصر المدخل الإضافي( كوها)
مصدر التصنيف او مخطط الترفيف Dewey Decimal Classification
Koha [default] item type كتاب
260 ## - PUBLICATION, DISTRIBUTION, ETC. (IMPRINT)
-- [S.N] :
-- مطبعة زيدان ثابت ،
Holdings
حالة التراجع حالة الفقد حالة تلف ليس للاعارة المكان المؤقت الموقع الحالى تاريخ الاكتساب اجمالي اﻻعارات رقم الطلب الباركود تاريخ اخر مشاهدة تاريخ تفعيل السعر نوع وعاء كوها
        مكتبة القاهرة الكبرى مكتبة القاهرة الكبرى 03/26/2014   616.75\ى أ 87515 03/26/2014 03/26/2014 كتاب

Powered By

EGPV